000 00426nam a2200181Ia 4500
005 20250423101642.0
008 250422s9999 xx 000 0 und d
020 _a0- 7216- 9097- 1
050 _aQL 812.5 .W35/
100 _aWarren F. Walker
245 0 _aVertebrate dissection
250 _a4th ed.
260 _aPhiladelphia
260 _bW. B. Saunders Company
260 _c1970
300 _a402 p
942 _cBK
999 _c36874
_d36874